|
003 -Nazwa inst., której nr kontr. jest w polu 001 [,]
|
-
- @
- Nazwa instytucji, której n kontrolny jest w polu 001
- NUKAT
|
|
005 -DATA I CZAS OSTATNIEJ MODYFIKACJI [,]
|
-
- @
- pole kontrolne
- 20241231094021.0
|
|
020 -Międzynarod. znormalizowany nr książki - ISBN [ , ]
|
-
- a
- Numer ISBN
- 9788361509325
|
|
040 -Instytucja sporządzająca opis [ , ]
|
-
- a
- Instytucja, która sporządziła opis (NP)
- GD 88/JR
-
- c
- Instytucja, która sporządziła rekord (NP)
- GD 88/JR
-
- d
- Instytucja, która zmodyfikowała rekord (P)
- GD 88/JR
-
- d
- Instytucja, która zmodyfikowała rekord (P)
- KR 122/MN
-
- d
- Instytucja, która zmodyfikowała rekord (P)
- WA M/ES
|
|
041 -Język dokumentu [0, ]
|
-
- a
- Język tekstu (P)
- polski
-
- b
- Język streszczeń lub abstraktu (P)
- angielski
-
- b
- Język streszczeń lub abstraktu (P)
- niemiecki
-
- b
- Język streszczeń lub abstraktu (P)
- rosyjski
|
|
942 -Rodzaj dokumentu [ , ]
|
-
- c
- Rodzaj dokumentu
- Książka
|
|
245 -Strefa tytułu i oznaczenia odpowiedzialności [1,0]
|
-
- a
- Tytuł
- Podstawy teorii i technologii treningu sportowego :
-
- b
- Ciąg dalszy tytułu (NP)
- praca zbiorowa.
-
- n
- Oznaczenie części (P)
- T. 2 /
-
- c
- Pozostałe elementy strefy tytułu i oznaczenia odpowiedzialności (NP)
- pod redakcją naukową Henryka Sozańskiego, Jerzego Sadowskiego, Janusza Czerwińskiego ; autorzy J. G. Adamczyk, D. Boguszewski, J. Czerwiński, D. Gierczuk, J. Gracz, K. Górniak, A. Klusiewicz, Sz. Krasicki, H. Krzysztofiak, J. Krzywański, B. Latocha-Walencka, H. Makaruk, A. Mastalerz, J. Sadowski, M. Siewierski, H. Sozański, S. Sterkowicz, P. Trochimczuk, R. Żukowski ; Akademia Wychowania Fizycznego Józefa Piłsudskiego w Warszawie. Filia w Białej Podlaskiej.
|
|
260 -Strefa adresu wydawniczego [ , ]
|
-
- a
- Miejsce wydania (P)
- Warszawa ;
-
- a
- Miejsce wydania (P)
- Biała Podlaska :
-
- b
- Nazwa wydawcy (P)
- Akademia Wychowania Fizycznego Józefa Piłsudskiego w Warszawie. Filia w Białej Podlaskiej,
-
|
|
700 -Hasło dodatkowe - nazwa osobowa [1, ]
|
-
- a
- Nazwa osobowa (NP)
- Sozański, Henryk
-
- d
- Daty biograficzne (NP)
- (1939- ).
-
- e
- Określenie rodzaju współpracy
- Red.
-
|
|
700 -Hasło dodatkowe - nazwa osobowa [1, ]
|
-
- a
- Nazwa osobowa (NP)
- Czerwiński, Janusz
-
- d
- Daty biograficzne (NP)
- (1936- ;
-
- c
- Dopowiedzenie inne niż daty biograficzne (NP)
- teoria sportu).
-
- e
- Określenie rodzaju współpracy
- Red.
-
|
|
700 -Hasło dodatkowe - nazwa osobowa [1, ]
|
-
- a
- Nazwa osobowa (NP)
- Sadowski, Jerzy
-
- c
- Dopowiedzenie inne niż daty biograficzne (NP)
- (sport).
-
- e
- Określenie rodzaju współpracy
- Red.
-
|
|
700 -Hasło dodatkowe - nazwa osobowa [1, ]
|
-
- a
- Nazwa osobowa (NP)
- Boguszewski, Dariusz
-
- c
- Dopowiedzenie inne niż daty biograficzne (NP)
- (nauki o kulturze fizycznej).
-
|
|
700 -Hasło dodatkowe - nazwa osobowa [1, ]
|
-
- a
- Nazwa osobowa (NP)
- Gierczuk, Dariusz.
-
|
|
700 -Hasło dodatkowe - nazwa osobowa [1, ]
|
-
- a
- Nazwa osobowa (NP)
- Gracz, Jacek
-
- d
- Daty biograficzne (NP)
- (1947- ).
-
|
|
700 -Hasło dodatkowe - nazwa osobowa [1, ]
|
-
- a
- Nazwa osobowa (NP)
- Górniak, Krystyna.
-
|
|
700 -Hasło dodatkowe - nazwa osobowa [1, ]
|
-
- a
- Nazwa osobowa (NP)
- Klusiewicz, Andrzej.
-
|
|
700 -Hasło dodatkowe - nazwa osobowa [1, ]
|
-
- a
- Nazwa osobowa (NP)
- Krasicki, Szymon
-
- d
- Daty biograficzne (NP)
- (1936- ).
-
|
|
700 -Hasło dodatkowe - nazwa osobowa [1, ]
|
-
- a
- Nazwa osobowa (NP)
- Krzysztofiak, Hubert.
-
|
|
700 -Hasło dodatkowe - nazwa osobowa [1, ]
|
-
- a
- Nazwa osobowa (NP)
- Krzywański, Jarosław
-
- c
- Dopowiedzenie inne niż daty biograficzne (NP)
- (medycyna).
-
|
|
700 -Hasło dodatkowe - nazwa osobowa [1, ]
|
-
- a
- Nazwa osobowa (NP)
- Latocha-Walencka, Barbara.
-
|
|
700 -Hasło dodatkowe - nazwa osobowa [1, ]
|
-
- a
- Nazwa osobowa (NP)
- Makaruk, Hubert
-
- d
- Daty biograficzne (NP)
- (1976- ).
-
|
|
700 -Hasło dodatkowe - nazwa osobowa [1, ]
|
-
- a
- Nazwa osobowa (NP)
- Mastalerz, Andrzej.
-
|
|
700 -Hasło dodatkowe - nazwa osobowa [1, ]
|
-
- a
- Nazwa osobowa (NP)
- Siewierski, Marcin.
-
|
|
700 -Hasło dodatkowe - nazwa osobowa [1, ]
|
-
- a
- Nazwa osobowa (NP)
- Sterkowicz, Stanisław
-
- d
- Daty biograficzne (NP)
- (1951-2018).
-
|
|
700 -Hasło dodatkowe - nazwa osobowa [1, ]
|
-
- a
- Nazwa osobowa (NP)
- Trochimczuk, Piotr.
-
|
|
700 -Hasło dodatkowe - nazwa osobowa [1, ]
|
-
- a
- Nazwa osobowa (NP)
- Żukowski, Ryszard
-
- d
- Daty biograficzne (NP)
- (1932-2017).
-
|
|
710 -Hasło dodatkowe - nazwa ciała zbiorowego [2, ]
|
-
- a
- Nazwa ciała zbiorowego lub nazwa geograficzna jako pierwszy element (NP)
- Akademia Wychowania Fizycznego Józefa Piłsudskiego (Warszawa).
-
- b
- Nazwa jednostki podrzędnej (P)
- Filia (Biała Podlaska).
-
-
|